<?xml version="1.0" encoding="UTF-8"?>
<collection xmlns:xsi="http://www.w3.org/2001/XMLSchema-instance" xsi:schemaLocation="http://www.loc.gov/MARC21/slim http://www.loc.gov/standards/marcxml/schema/MARC21slim.xsd" xmlns="http://www.loc.gov/MARC21/slim">
 <record>
  <leader>00000cam a22000004i 4500</leader>
  <controlfield tag="001">UP-99796217611778860</controlfield>
  <controlfield tag="003">Buklod</controlfield>
  <controlfield tag="005">20250226185521.0</controlfield>
  <controlfield tag="006">aa    r     ||| u </controlfield>
  <controlfield tag="007">ta</controlfield>
  <controlfield tag="008">130311s2013    xx a    rb   |001 0|eng d</controlfield>
  <datafield tag="020" ind1=" " ind2=" ">
   <subfield code="a">9780444595683 (set)</subfield>
  </datafield>
  <datafield tag="020" ind1=" " ind2=" ">
   <subfield code="a">9780444536341 (hbk. : v.1A)</subfield>
  </datafield>
  <datafield tag="020" ind1=" " ind2=" ">
   <subfield code="a">9780444595560 (hbk. v.1B)</subfield>
  </datafield>
  <datafield tag="035" ind1=" " ind2=" ">
   <subfield code="a">(iLib)UPD-00249807380</subfield>
  </datafield>
  <datafield tag="040" ind1=" " ind2=" ">
   <subfield code="a">DLC</subfield>
   <subfield code="d">DECON</subfield>
   <subfield code="e">rda</subfield>
  </datafield>
  <datafield tag="041" ind1=" " ind2=" ">
   <subfield code="a">eng</subfield>
  </datafield>
  <datafield tag="042" ind1=" " ind2=" ">
   <subfield code="a">DMLUC</subfield>
  </datafield>
  <datafield tag="090" ind1=" " ind2=" ">
   <subfield code="a">HB 145</subfield>
   <subfield code="b">H36 2013</subfield>
  </datafield>
  <datafield tag="245" ind1="0" ind2="0">
   <subfield code="a">Handbook of computable general equilibrium modeling</subfield>
   <subfield code="c">edited by Peter B. Dixon, Centre of Policy Studies, Monash University, Dale W. Jorgenson, Harvard University.</subfield>
  </datafield>
  <datafield tag="264" ind1=" " ind2="1">
   <subfield code="a">Amsterdam</subfield>
   <subfield code="b">Elsevier</subfield>
   <subfield code="c">2013.</subfield>
  </datafield>
  <datafield tag="300" ind1=" " ind2=" ">
   <subfield code="a">2 volumes (xix, xxi, 1841 pages)</subfield>
   <subfield code="b">illustrations (black and white)</subfield>
   <subfield code="c">25 cm.</subfield>
  </datafield>
  <datafield tag="336" ind1=" " ind2=" ">
   <subfield code="a">text</subfield>
   <subfield code="2">rdacontent</subfield>
  </datafield>
  <datafield tag="337" ind1=" " ind2=" ">
   <subfield code="a">unmediated</subfield>
   <subfield code="2">rdamedia</subfield>
  </datafield>
  <datafield tag="338" ind1=" " ind2=" ">
   <subfield code="a">volume</subfield>
   <subfield code="2">rdacarrier</subfield>
  </datafield>
  <datafield tag="490" ind1="0" ind2=" ">
   <subfield code="a">Handbooks in economics</subfield>
   <subfield code="v">volume 1A-1B</subfield>
  </datafield>
  <datafield tag="504" ind1=" " ind2=" ">
   <subfield code="a">Includes bibliographical references and index.</subfield>
  </datafield>
  <datafield tag="505" ind1="0" ind2=" ">
   <subfield code="a">v.1A --  An introduction to CGE modeling / Peter B. Dixon and Dale W. Jorgenson. -- The MONASH style of CGE modeling: a framework for hisorical, decomposition, forecast and policy simulations / Peter B. Dixon, Robert B. Koopman and Maureen T. Rimmer. -- CGE assessments of fiscal sustainability in Norway / Erling Holmoy. -- MAMS - a Computable General Equilibrium Model for Developing Country Strategy Analysis / Hans Lofgren, Martin Cicowiez and Carolina Diaz-Bonilla. -- The contribution of CGE modeling to policy formulation in developing countries / Sherman Robinson and Shantayanan Devarajan. -- Putting services and foreign direct investment into CGE models: reflections on the use of CGE models in policy discussions / David Tarr. -- Regional CGE Modeling / John R. Madden and James A. Giesecke. -- IGEM: a model of U.S. economic growth and the environment / Dale W. Jorgenson, Peter Wilcoxen and Mun Ho. -- Energy and Environment Modeling in Australia / Philip D. Adams and Brian R. Parmenter. -- Tax reform, the cost of capital, and U.S. economic growth / Dale W. Jorgenson and Kun-Young Yun. -- Dynamic overlapping generations computational general equilibrium models and the analysis of tax policy / John W. Diamond and George R. Zodrow.</subfield>
  </datafield>
  <datafield tag="505" ind1="0" ind2=" ">
   <subfield code="a">v.1B -- Applied General Equilibrium Analysis using the GTAP Framework / Thomas Hertel. -- Estimating effects of price-distorting policies using alternative distortions databases / Kym Anderson, Will Martin and Dominique van der Mensbrugghe. -- Global Dynamic Scenarios-Structural and Environmental Implications / Dominique van der Mensbrugghe. -- Energy and environment, a global approach: G-cubed / Warwick J. McKibbin. -- Integrated economic and climate modeling  / William Nordhaus. -- An econometric approach to general equilibrium modeling / Dale W. Jorgenson, Hui Jin and Daniel T. Slesnick. -- Trade Elasticity Parameters for a CGE Model / Russell Hillberry and David Hummels. -- Validation of CGE models / Peter B. Dixon and Maureen T. Rimmer. -- Solution Software for CGE Modeling / Mark Horridge, Alex Meeraus, Ken Pearson and Thomas F, Rutherford. -- Income distribution and Computable General Equilibrium models: macro-  micro modelling / Francois Bourguignon and Maurizio Bussolo. -- The New Keynesian approach to dynamic general equilibrium modeling: models, methods and macroeconomic policy evaluation / Volker Wieland and Sebastian Schmidt. -- Computing general equilibrium theories of monopolistic competition and heterogeneous firms / Edward J. Balistreri and Thomas F, Rutherford. -- Market Structure in CGE Models of International Trade / Joseph Francois, Miriam Manchin and Will Martin. -- CGE modeling of trade in services / Joseph Francois and Bernard Hoekman. -- Labor market modeling in a CGE context / Stefan Boeters and Luc Savard. -- Aging and social insurance in a CGE framework (provisional title) / Laurence Kotlikoff, Hans Fehr and Sabine Jokisch</subfield>
  </datafield>
  <datafield tag="650" ind1="1" ind2="0">
   <subfield code="a">Equilibrium (Economics)</subfield>
   <subfield code="x">Econometric models.</subfield>
  </datafield>
  <datafield tag="650" ind1=" " ind2="0">
   <subfield code="a">Economic policy.</subfield>
  </datafield>
  <datafield tag="700" ind1="1" ind2=" ">
   <subfield code="a">Dixon, Peter B.</subfield>
   <subfield code="e">editor.</subfield>
  </datafield>
  <datafield tag="700" ind1="1" ind2=" ">
   <subfield code="a">Jorgenson, Dale W.</subfield>
   <subfield code="q">(Dale Weldeau)</subfield>
   <subfield code="d">1933-</subfield>
   <subfield code="e">editor.</subfield>
  </datafield>
  <datafield tag="905" ind1=" " ind2=" ">
   <subfield code="a">FO</subfield>
  </datafield>
  <datafield tag="852" ind1="0" ind2=" ">
   <subfield code="a">UPD</subfield>
   <subfield code="b">DECON</subfield>
   <subfield code="h">HB 145</subfield>
   <subfield code="i">H36 2013</subfield>
  </datafield>
  <datafield tag="942" ind1=" " ind2=" ">
   <subfield code="a">Book</subfield>
  </datafield>
 </record>
</collection>
